000
00246nam a22000977a 4500
999
_c
11814
_d
11814
008
200224b ||||| |||| 00| 0 eng d
020
_a
0590338927
100
_a
Rey,H.A.
_9
7493
245
_a
Curious George Takes a Job
260
_a
New York
_b
Scholastic